Physics : (Record no. 12540)

000 -LEADER
fixed length control field 00394pam a2200145 a 4500
020 ## - INTERNATIONAL STANDARD BOOK NUMBER
ISBN 002354841X
040 ## - CATALOGING SOURCE
Transcribing agency DLC
082 00 - DEWEY DECIMAL CLASSIFICATION NUMBER
Classification number 530 PRE 1995 A034 Or
100 1# - MAIN ENTRY--AUTHOR NAME
Personal name Hobson, Art,
245 10 - TITLE STATEMENT
Title Physics :
Remainder of title concepts and connections /
260 ## - PUBLICATION, DISTRIBUTION, ETC. (IMPRINT)
Place of publication Englewood Cliffs, N.J. :
Name of publisher Prentice Hall,
Year of publication c1995
300 ## - PHYSICAL DESCRIPTION
Number of Pages xix, 530 p. :
Other physical details ill. (some col.), map ;
Dimensions 25 cm
650 #0 - SUBJECT ADDED ENTRY--TOPICAL TERM
Topical Term Physics
942 ## - ADDED ENTRY ELEMENTS (KOHA)
Koha item type ADB

No items available.

មជ្ឈមណ្ឌលឯការនៃសាកលវិទ្យាល័យភូមិន្ទកសិកម្មចំការដូង

Powered by Koha